000 01116nam a2200289 i 4500
003 EG-GICUC
005 20260121101539.0
008 251227s2002 ua ||||fr|||| 000 0 ara d
040 _a EG-GICUC
_bara
_c EG-GICUC
_d EG-GICUC
_erda
041 _aara
082 0 4 _221
_a345.44
_bم ا . ط
092 0 4 _221
099 _aLaw1 07 345.44 م ا . ط 2002
110 _aمازن ليلو راضي
_eمؤلف.
245 1 2 _aالطاعة وحدودها في الوظيفه العامة /
_cدكتور مازن ليلو راضي.
264 1 _aالإسكندرية :
_bدار المطبوعات الجامعية,
_c2002.
300 _a143 صفحة ؛
_c24 سم
_bإيضاحيات، صور، مثيليات ؛
336 _2rda content
_atext
337 _2rda media
_aComputer
338 _2rda carrier
_aOnline Resource
546 _aالنص أغلبه باللغة العربية مع بعض النصوص الفرنسية
650 1 4 _aواجبات الموظف العام
_2qrmak
651 1 _2qrmak
856 4 0 _uhttps://fll.law.cu.edu.eg/fulltext/bks/B07-01710.pdf
905 _a79
942 _2ddc
_cBK
_e21
_n0
999 _c52566
_d52566